书目信息 |
| 题名: |
瓜类美味30种
|
|
| 作者: | 孙利平 , 李文芳 编著 | |
| 分册: | ||
| 出版信息: | 北京 金盾出版社 2002.08 |
|
| 页数: | 63页 | |
| 开本: | 19cm | |
| 丛书名: | 家庭美食系列丛书 | |
| 单 册: | ||
| 中图分类: | TS972.123 | |
| 科图分类: | ||
| 主题词: | 饮食业--供应技术 | |
| 电子资源: | ||
| ISBN: | 7-5082-1906-6 | |
| 000 | 00678nam0 2200229 45 | |
| 001 | 0211191515 | |
| 005 | 20021119151900.8 | |
| 010 | @a7-5082-1906-6@d8.00元 | |
| 100 | @a20021119d2002 km y0chiy0120 ea | |
| 101 | 0 | @achi |
| 105 | @a z 000yy | |
| 200 | 1 | @a瓜类美味30种@AGua Lei Mei Wei 30 Zhong@f孙利平,李文芳编著@FSun Li Ping,Li Wen Fang Bian Zhu |
| 210 | @a北京@c金盾出版社@d2002.08 | |
| 215 | @a63页@d19cm | |
| 225 | @a家庭美食系列丛书 | |
| 410 | @12001 @a家庭美食系列丛书 | |
| 606 | 0 | @a饮食业@x供应技术 |
| 690 | @aTS972.123@v3 | |
| 701 | 0 | @a孙利平@4编著 |
| 701 | 0 | @a李文芳@4编著 |
| 801 | @aCN@bPftUser@c20021119 | |
| 905 | @aBZT@b343190-195@dTS972.123@e1@f6 | |
| 瓜类美味30种/孙利平,李文芳编著.-北京:金盾出版社,2002.08 |
| 63页;19cm.-(家庭美食系列丛书) |
| ISBN 7-5082-1906-6:8.00元 |
| ● |
| 相关链接 |
|
|
|
正题名:瓜类美味30种
索取号:TS972.123/1
 
预约/预借
| 序号 | 登录号 | 条形码 | 馆藏地/架位号 | 状态 | 备注 |
| 1 | 343190 | 201388088 | 中心书库中库/ 中库024架A面4列5层40/ [索取号:TS972.123/1] | 在馆 | |
| 2 | 343191 | 201388097 | 中心书库中库/ 中库024架A面4列3层56/ [索取号:TS972.123/1] | 在馆 | |
| 3 | 343192 | 201388104 | 中心书库中库/ 中库024架A面4列5层38/ [索取号:TS972.123/1] | 在馆 | |
| 4 | 343193 | 201388113 | 中心书库中库/ 中库024架A面4列3层62/ [索取号:TS972.123/1] | 在馆 | |
| 5 | 343194 | 201388122 | 中心书库中库/ 中库024架A面3列6层42/ [索取号:TS972.123/1] | 在馆 | |
| 6 | 343195 | 201388131 | 中心书库中库/ 中库024架A面4列3层60/ [索取号:TS972.123/1] | 在馆 |